01248 2200253 4500001002100000005001500021035002000036008004100056020001800097041000800115082000800123084001400131100002000145245009200165260003900257300002800296500003100324520052400355650001900879650002300898700002200921990002600943990002500969INLIS00000000000411720241022023245 a0010-0520004117241022 | 0 eng  a0-314-06115-0 aeng a808 a808 ELW p0 aElwell, Celia C1 aPractical Legal Writing for Legal Assistants /cElwell, Celia C. dan Smith, Rober Barr aNew York :bWest Publishing,c1996 aXIV, 455 p. ;c25,5 cm. aIndeks : hal.index1-index6 aMost books on legal writing concentrate on writing legal memorandums and briefs. But, legal memorandums and briefs are only a part of the legal writing that a legal assistants are regularly called upon to write in most workplace. This book teaches how to write legal memorandums and briefs, and it also teaches how to write the many other kinds of documents commonly written by most legal assistants today. In this book, the basic ethical principles for legal assistants are touched. Even though the main purpose of the 4a1.LegalWriting 4a2.Legal Assistants0 aSmith, Rober Barr a07379/MKRI-P/XII-2007 a05846/MKRI-P/IX-2008